Países con el mayor consumo de Estupefacientes - Estadísticas

Estadísticas generales
  • Esta prueba ha sido intentada 82 veces
  • La puntuación promedio es 9 de 15
Estadísticas de respuestas
% de Consumidores Continente País % Correcto
17 % América del Norte Estados Unidos
96%
9,5 % Europa España
88%
14,73 % América del Norte Canadá
86%
10,8 % Oceania Australia
81%
11,1 % Europa Francia
81%
9,2 % Europa Italia
78%
15,1 % América del Sur Chile
77%
10,9 % Europa / América Reino Unido (Bermudas)
75%
13,89 % Oceania Nueva Zelanda
72%
9,3 % América de Sur Uruguay
58%
14,3 % África Nigeria
43%
27 % Asia Israel
20%
9,4 % Europa Republica Checa
20%
9,1 África Madagascar
17%
9,5 % África Zambia
9%
No se encontraron pruebas coincidentes
Distribución de puntuación
Porcentaje de gente con cada puntuación
Porcentaje por número respondido
Historial de tus puntuaciones
No has intentado esta prueba.